000 00732nam a22002537a 4500
001 00091
003 DO-SdBNP
005 20221103101625.0
007 00091
008 160315b1984 sp ||| 00| 0 spa d
020 _a8427933630
040 _aBPMSU
_bspa
_cBPMSU
082 4 _a863.6
_bG299p 1984
_222
100 1 _aGefaell, María Luisa,
_d1918-1978
245 1 4 _aLa princesita que tenía los dedos mágicos /
_cMaría Luisa Gefaell
260 _aBarcelona :
_bNoguer,
_c1984.
300 _a121 p. :
_bil.,
_c19 cm.
490 0 _aMundo mágico,
_v49
590 _6Inventariado, 2022/VM
650 4 _aCuentos infantiles españoles
650 4 _a Literatura infantil española
910 _aVMateo V./Validado
942 _2ddc
_cBK
999 _c9242
_d9242